000 04930cam a22005414i 4500
003 PE-LiUPU
005 20250731172913.0
008 150617s r 000 0 d
020 _a8422001128
035 _a(Sirsi) i9788422001126
040 _aPE-LiUPU
_bspa
_cPE-LiUPU
_erda
049 _aPRUA
082 0 4 _a274.6
_bM542h
_223
100 1 _aMenéndez y Pelayo, Marcelino,
_d1856-1912,
_eautor.
245 1 0 _aHistoria de los heterodoxos españoles /
_cMarcelino Menéndez Pelayo.
250 _aCuarta edición.
264 1 _aMadrid :
_bLa Editorial Católica,
_c1986.
300 _a968 páginas ;
_c20 centímetros.
336 _atext
_2rdacontent
337 _aunmediated
_2rdamedia
338 _avolume
_2rdacarrier
490 0 _a(Biblioteca de Autores Cristianos ;
_v150)
490 0 _a(Biblioteca de Autores Cristianos ;
_v151)
504 _anotas bibliográficas.
505 0 _aTomo I: ESPAÑA ROMANA Y VISIGODA. PERIODO DE LA RECONQUISTA. ERASMISTAS Y PROTESTANTES Cuadro general de la vida religiosa en la Península antes de Prisciliano -- Siglos IV y V (continuación de la España romana) -- Herejías de la época visigoda -- Artes mágicas y de adivinación, astrología, prácticas supersticiosas en los períodos romano y visigótico -- Herejías del primer siglo de la reconquista. -Elipando y Félix. -Adopcionismo -- La herejía entre los muzárabes cordobeses. -El antropomorfismo. -Hostegesis -- Un iconoclasta español en Italia. -Vindicación de un adversario de Scoto Erígena -- Entrada del panteísmo semítico en las escuelas cristianas. -Guillermo Gundisalvo. -Juan Hispalense. -El español Mauricio -- Albigenses, cátaros. -Valdenses, pobres de León, "Insabattatos" -- Arnaldo de Vilanova. -Noticia de diversas herejías del siglo XIV. -Reacción antiaverroísta. –Teodicea luliana. –Vindicación de Raimundo Lulio (Ramón Lull) y de R. Sabunde – Herejes de Durango. –Pedro de Osma. –Barba Jacobo y Urbano -- Artes mágicas, hechiocerías y supersticiones en España desde el siglo VIII al XV – Apostasías. –Judaizantes y mahometizantes -- Los erasmistas españoles – Los erasmistas españoles. -Alfonso de Valdés -- El erasmismo en Portugal. –Damián y Goes -- Protestantes españoles del siglo XVI. –Juan de Valdés -- Luteranos españoles fuera de España. -Protestantes españoles fuera de España -- El luteranismo en Valladolid y otras partes de Castilla la vieja. -Don Carlos Seso. -Fray Domingo de Rojas. -Los Cazallas.
505 0 _aTomo 2: PROTESTANTISMO Y SECTAS MÍSTICAS. REGALISMO Y ENCICLOPEDIA. HETERODOXIA EN EL SIGLO XIX. CON UN ESTUDIO FINAL SOBRE: MENENDEZ PELAYO Y SU "HISTORIA DE LOS HETERODOXOS" Proceso del arzobispo de Toledo D. Fr. Bartolomé Carranza de Miranda -- El luteranismo en Sevilla. -Rodrigo de Valer. Los Dres. Egidio y Constantino. -Julianillo Hernández. -Don Juan Ponce de León y otros protestantes -- Protestantes españoles fuera de España en los siglos XVI y XVII -- Sectas místicas – Alumbrados. -Quietistas. Miguel de Molinos. -Embustes y Milagrerías -- Judaizantes. -La sinagoga de Amsterdam -- Moriscos. -Literaturas aljamiada. –Los plomos del Sacro-Monte -- Artes mágicas, hechicerías y supersticiones en los siglos XVI y XVII -- Resistencia ortodoxa -- El jansenismo regalista en el sigo XVIII -- El enciclopedismo en España durante el siglo XVIII -- Tres heterodoxos españoles en la Francia revolucionaria. Otros heterodoxos extravagantes o que no han encontrado fácil cabida en la clasificación anterior -- La heterodoxia entre los afrancesados -- La heterodoxia en las cortes de Cadiz -- La heterodoxia durante el reinado de Fernando VII -- Protestantes españoles en el primer tercio del siglo XIX. Don José María Blanco (White). Muñoz de Sotomayor --. Política heterodoxa durante el reinado de Isabel II -- Esfuerzos de la propaganda protestante durante el reinado de Isabel II. Otros casos de la heterodoxia sectaria -- De la filosofía Heterodoxa dese 1834 a 1868, y especialmente del krausismo. De la apologética católica durante el mismo paríodo -- Breve recapitulación de los sucesos de nuestra historia eclesiástica desde 1868 hasta el presente.
526 _aSEG42
526 _aSEG41
526 _aSEG40
526 _aSEG39
526 _aP94
526 _aP87
526 _aP86
526 _aP85
526 _aP77
526 _aP76
526 _aP35
650 1 4 _aSectas
_zEspaña
_92403
650 1 4 _aIglesia
_xHistoria
_zEspaña.
_92404
650 1 4 _aProtestantes en España
_92405
651 1 4 _aEspaña
_xReligión
_92406
700 _aArtigas y Ferrando, Miguel,
_d1887-1947
_eeditor
_92407
910 _ajck
942 _2ddc
_cBK
949 _a274.9366 M542h
_wDEWEY
_c1
_i31251
_lCCODEBUL1
_mBUL
_r0
_sY
_tBOOK
_u2015-6-17
_xTEOLOGIA
_0COMPRA
_o.STAFF. Colección General
980 _81
_gALBERTO SANCHEZ Responsable de Automatización
999 _c16470
_d16470